<?xml version="1.0" encoding="UTF-8"?>
<record
    xmlns:xsi="http://www.w3.org/2001/XMLSchema-instance"
    xsi:schemaLocation="http://www.loc.gov/MARC21/slim http://www.loc.gov/standards/marcxml/schema/MARC21slim.xsd"
    xmlns="http://www.loc.gov/MARC21/slim">

  <leader>005840000a22001090004500</leader>
  <datafield tag="100" ind1="1" ind2=" ">
    <subfield code="a">McAlpine, Thomas H.</subfield>
  </datafield>
  <datafield tag="245" ind1="1" ind2="0">
    <subfield code="a">Lecturas b&#xED;blicas en proyectos de desarrollo comunitario</subfield>
  </datafield>
  <datafield tag="300" ind1=" " ind2=" ">
    <subfield code="a">Vol.28, n&#xFA;m.64 (1996), Pag. 57-76</subfield>
  </datafield>
  <datafield tag="520" ind1=" " ind2=" ">
    <subfield code="a">Impedimentos para un estudio b&#xED;blico apropiado;  &#xBF;C&#xF3;mo interpretamos la Biblia? (los elementos comunitarios; los elementos textuales);  &#xBF;Cu&#xE1;les son los m&#xE9;todos de lectura adecuados? ("Los siete pasos"; de la vida a la Biblia y de la Biblia a la vida);  &#xBF;Qu&#xE9; ejemplo concreto podemos dar?</subfield>
  </datafield>
  <datafield tag="773" ind1="0" ind2=" ">
    <subfield code="t">Bolet&#xED;n Teol&#xF3;gico</subfield>
  </datafield>
  <datafield tag="942" ind1=" " ind2=" ">
    <subfield code="c">ANA</subfield>
  </datafield>
  <datafield tag="952" ind1=" " ind2=" ">
    <subfield code="0">0</subfield>
    <subfield code="1">0</subfield>
    <subfield code="4">0</subfield>
    <subfield code="7">0</subfield>
    <subfield code="8">HEM</subfield>
    <subfield code="a">FUSBC</subfield>
    <subfield code="b">FUSBC</subfield>
    <subfield code="d">2016-01-26</subfield>
    <subfield code="l">0</subfield>
    <subfield code="o"> </subfield>
    <subfield code="r">2016-01-26 00:00:00</subfield>
    <subfield code="w">2016-01-26</subfield>
    <subfield code="y">ANA</subfield>
  </datafield>
  <datafield tag="999" ind1=" " ind2=" ">
    <subfield code="c">60130</subfield>
    <subfield code="d">60130</subfield>
  </datafield>
</record>
